| 000 | 00721cam a2200229 4500 | ||
|---|---|---|---|
| 001 | ABS67133 | ||
| 008 | 031028n2003 000 0 eng u | ||
| 035 | _a(Sirsi) u124106 | ||
| 100 | _aGreen, B. | ||
| 245 | _aTop 100 contractors | ||
| 260 | _c2003 | ||
| 490 |
_aConstruction News _v (6834) 18 September 2003, II-XXIII(17) |
||
| 520 | _aSurvey of the top 100 contractors. Tables also include the top 25 highest paid directors, top 25 companies by margin, profit and growth and top 25 suppliers. | ||
| 590 | _aABS | ||
| 650 | _aSURVEYS | ||
| 650 | _aBUILDING CONTRACTORS | ||
| 650 | _aDIRECTORS | ||
| 650 | _aSUPPLIERS | ||
| 690 | _aBUILDING AND CONSTRUCTION-PROJECTS | ||
| 700 | _aGaved, A. | ||
| 942 | _n0 | ||
| 999 |
_c73668 _d73668 |
||